Final 4 de Conference League depuis sa création - Statistiques

Statistiques générales
  • Ce quiz a été pris 22 fois
  • Le résultat moyen est 13 sur 20
Statistiques - réponses
Année Club Place Coach % Correct
Olympique de Marseille 3b Jorge Sampaoli
95%
2022 AS Roma 1 José Mourinho
91%
AC Fiorentina 2 Vincenzo Italiano
86%
AC Fiorentina 2 Vincenzo Italiano
86%
AC Fiorentina 3b Raffaele Palladino
86%
2025 Chelsea FC 1 Enzo Maresca
86%
Aston Villa 3a Unai Emery
82%
Feyenoord Rotterdam 2 Arne Slot
82%
2026 Crystal Palace ... Oliver Glasner
77%
RC Strasbourg ... Gary O'Neill
77%
2023 West Ham United 1 David Moyes
77%
Real Bétis 2 Manuel Pellegrini
64%
2024 Olympiakos 1 José Luis Mendilibar
59%
Rayo Vallecano ... Iñigo Pérez Soto
59%
Shakhtar Donetsk ... Arda Turan
50%
Leicester City 3a Brendan Rodgers
32%
AZ Alkmaar 3a Pascal Jansen
23%
Club Bruges 3b Ronny Deila
18%
FC Bâle 3b Heiko Vogel
18%
Djurgardens IF 3a Jani Honkavaara
0%
Aucun quiz correspondant
Distribution des résultats
% des personnes avec chaque résultat
Percentile par nombre de réponses
Votre historique - résultats
Vous n’avez pas pris ce quiz